Fußballteams nach Emoji - Statistiken

Allgemein
  • Dieses Quiz wurde 528 mal gespielt
  • Das Durchschnittsergebnis liegt bei 9 aus 15
Antwortstatistiken
Emoji Antwort % Korrekt
🐐 1. FC Köln
95%
🐺 VfL Wolfsburg
90%
🐝 Borussia Dortmund
89%
🦅 Eintracht Frankfurt
89%
☘️ SpVgg Greuther Fürth
89%
⚜️ SV Darmstadt
79%
🦓 MSV Duisburg
70%
🦁◾️◽️ TSV 1860 München
62%
⛵️ Hansa Rostock
60%
🚂 1. FC Lokomotive Leipzig
57%
🐃 RB Leipzig
55%
🇹🇷🔵⚪️ Türkgücü München
25%
🇦🇺 Tasmania Berlin
11%
🦢 FSV Zwickau
6%
⚓️ Anker Wismar
3%
Keine übereinstimmenden Quizze gefunden
Verteilung der Resultate
Anzahl Personen mit jedem Resultat
Perzentil nach korrekt beantworteten Fragen
Ihre Resultats-Entwicklung
Sie haben dieses Quiz noch nicht gespielt